Statistiques concernant Match de football particuliers - Clic Quiz

Cliquez ici pour prendre le quiz!

Statistiques générales

  • Ce quiz a été pris 77 fois
  • Le résultat moyen est 19 sur 60

Statistiques - réponses

HintRéponse% Correct
Derby di RomaAS Roma - Lazio
64%
Derbi madrileñoReal Madrid - Atletico Madrid
64%
Le Classico belgeAnderlecht - Standard de Liège
63%
Der KlassikerBorussa Dortmund - Bayern Munich
63%
OlympicoOlympique lyonnais - Olympique de Marseille
63%
Derby Éternel serbeÉtoile Rouge - Partizan Belgrade
59%
Le Classique ukrainienDynamo Kiev - Shakhtar Donetsk
57%
El ClásicoReal Madrid - FC Barcelone
57%
Derby de la GaronneGirondins de Bordeaux - Tolouse FC
55%
Le ClassiquePSG - Olympique de Marseille
55%
North London DerbyArsenal - Tottenham
54%
Derby de l'AtlantiqueGirondins de Bordeaux - FC Nantes
54%
Derby du NordLille OSC - RC Lens
54%
Derby Éternel roumainDinamo Bucarest - Steaua Bucarest
52%
Derby de LisboaSporting - Benfica
52%
Derby di SiciliaFC Palerme - Catane FC
48%
Derby RhônalpinOlympique lyonnais - AS Saint-Étienne
48%
Derby della MadonninaAC Milan - Inter
46%
Derby de LéningradDinamo Saint-Pétersbourg - Zénith Saint-Pétersbourg
46%
Fla-FluFlamengo - Fluminense
39%
Merseyside DerbyLiverpool - Everton
39%
Derby du CaireAl Ahly SC - Zamalek SC
36%
Derby de BudapestFerencváros TC - Újpest FC
36%
Clásico del fútbol uruguayoPeñarol - Nacional
36%
Derby de CasablancaRaja CA - Wydad AC
36%
SuperclásicoRiver Plate - Boca Juniors
32%
Derby WallonStandard de Liège - Sporting Charleroi
32%
Derby du SahelUS monastirienne - ES du Sahel
32%
Old FirmCeltic - Rangers
30%
Derby de KanagawaKawasaki Frontale - Yokohama F. Marinos
30%
Pražské DerbySlavia Prague - Sparta Prague
30%
De KlassiekerAjax Amsterdam - Feyenoord Rotterdam
29%
Second City DerbyAston Villa - Birmingham City
29%
Derby de TéhéranEsteghlal - Persepolis
29%
The ClassicManchester United - Liverpool
29%
Hudson River DerbyNew York FC - New York Red Bulls
29%
Derby d'ItaliaJuventus - Inter
25%
Classico CapitalinoAC Milan - AS Roma
23%
De TopperAjax Amsterdam - PSV Eindhoven
23%
Derby du Canal de SuezAl Masry SC - Ismaily SC
23%
Le Vieux ClassiqueGirondins de Bordeaux - Olympique de Marseille
21%
Le CelticoEA Guingamp - Stade Rennais
18%
O ClássicoFC Porto - Benfica
16%
Dragões vs LeõesFC Porto - Sporting
16%
Derby IntercontinentalFenerbahçe - Galatasaray
14%
Derby della LanternaSampdoria - Genoa
14%
Choque ReiPalmeiras - Sao Paulo
11%
Derby de la Mer NoireTrabzonspor - Samsunspor
11%
Derby del SoleAS Roma - SSC Naples
9%
Clásico de ClásicosClub America - Chivas de Guadalajara
9%
Clásico de AvellanedaIndependiente - Racing
9%
Derby della MoleJuventus - Torino
9%
Derby 401Impact Montréal - Toronto FC
7%
Le ChocFC Bâles - Young Boys de Berne
5%
La Guerre SainteKS Cracovie - Wisła Cracovie
5%
El TráficoLA Galaxy - Los Angeles FC
5%
Clásico CapitalinoMillionarios - Independiente Santa Fe
5%
Derby des éternels ennemisOlympiakos - Panathinaikos
5%
Clásico RegiomontanoTigres UNAL - CF Monterrey
5%
Super MatchFC Séoul - Suwon Bluewings
4%

Distribution des résultats

Percentile par nombre de réponses

% des personnes avec chaque résultat

Votre développement - résultats

Vous n’avez pas pris ce quiz